[Event "Bruges Masters op"]
[Site "Bruges"]
[Date "2023.08.13"]
[Round "2"]
[White "Hendriks, Willy"]
[Black "Nemegeer, Arne"]
[Result "1/2-1/2"]
[WhiteElo "2420"]
[BlackElo "2069"]
[PlyCount "103"]
[EventDate "2023.08.12"]
[EventType "swiss"]
[EventRounds "9"]
[EventCountry "BEL"]
[SourceTitle "CBM 215 Extra"]
[Source "ChessBase"]
[SourceDate "2023.09.30"]
[SourceVersion "1"]
[SourceVersionDate "2023.09.30"]
[SourceQuality "1"]

1. Nf3 Nf6 2. g3 e6 3. Bg2 d5 4. 0-0 Be7 5. d3 0-0 6. Nbd2 c5 7. e4 Nc6 8. Re1 Qc7 9. c3 b6 10. e5 Nd7 11. Qe2 Re8 12. Nf1 Ba6 13. Bf4 b5 14. h4 b4 15. c4 dxc4 16. dxc4 Rad8 17. b3 Bb7 18. Rad1 Nf8 19. h5 Rxd1 20. Rxd1 Rd8 21. Rxd8 Qxd8 22. N1d2 a5 23. Ne4 Nd7 24. h6 g6 25. Qe3 Qc7 26. Bg5 Bf8 27. Nf6+ Nxf6 28. exf6 Qd8 29. Qd2 Nd4 30. Nxd4 Bxg2 31. Nxe6 Qxd2 32. Bxd2 Be4 33. Nxf8 Kxf8 34. Be3 Bb1 35. Bxc5+ Ke8 36. Bb6 a4 37. bxa4 Bxa2 38. Ba5 b3 39. Bc3 Bb1 40. f4 Bd3 41. c5 Kd7 42. Kf2 Kc6 43. Ke3 Bc2 44. Kd4 b2 45. Bxb2 Bxa4 46. f5 gxf5 47. Bc1 Bc2 48. Bf4 Bb1 49. Bd6 Bc2 50. Ke5 Bb1 51. Kf4 Bc2 52. Ke5 1/2-1/2

[Event "Dieren op"]
[Site "Dieren"]
[Date "2023.08.03"]
[Round "9"]
[White "Beerdsen, Thomas"]
[Black "Hendriks, Willy"]
[Result "1-0"]
[WhiteElo "2520"]
[BlackElo "2420"]
[PlyCount "79"]
[EventDate "2023.07.25"]
[EventType "swiss"]
[EventRounds "9"]
[EventCountry "NED"]
[SourceTitle "CBM 215 Extra"]
[Source "ChessBase"]
[SourceDate "2023.09.30"]
[SourceVersion "1"]
[SourceVersionDate "2023.09.30"]
[SourceQuality "1"]

1. e4 c5 2. Nf3 e6 3. d4 cxd4 4. Nxd4 a6 5. Bd3 Bc5 6. Nb3 Ba7 7. Qg4 Nf6 8. Qg3 d6 9. Nc3 Nc6 10. Bd2 b5 11. a3 0-0 12. 0-0-0 Ne5 13. Bg5 h6 14. Bxf6 Qxf6 15. f4 Ng6 16. Rdf1 Bd7 17. h4 Rac8 18. h5 Ne7 19. e5 Nf5 20. Qe1 dxe5 21. Ne4 Qe7 22. fxe5 Bc6 23. Rh3 Rfd8 24. g4 Nd4 25. Nbd2 b4 26. axb4 Qxb4 27. c3 Nb3+ 28. Nxb3 Qxb3 29. Nd6 Rb8 30. Qe2 Rxd6 31. exd6 Bc5 32. Rh2 Bxd6 33. Rhf2 Rb7 34. Bc4 Qa4 35. Kb1 Bb5 36. Bxb5 axb5 37. Rd1 Bf8 38. Rd8 Ra7 39. Qxe6 Re7 40. Qxe7 1-0

[Event "Oberliga NRW 1920"]
[Site "Germany"]
[Date "2020.01.26"]
[Round "5.2"]
[White "Hendriks, Willy"]
[Black "Holtel, Jasper"]
[Result "1-0"]
[WhiteElo "2397"]
[BlackElo "2271"]
[PlyCount "145"]
[EventDate "2019.09.15"]
[EventType "team-tourn"]
[EventRounds "9"]
[EventCountry "GER"]
[SourceTitle "EXT 2022"]
[Source "ChessBase"]
[SourceDate "2021.10.06"]
[SourceVersion "1"]
[SourceVersionDate "2021.10.06"]
[SourceQuality "1"]
[WhiteTeam "Bochum SG"]
[BlackTeam "Muenster"]
[WhiteTeamCountry "GER"]
[BlackTeamCountry "GER"]

1. d4 Nf6 2. Bg5 d5 3. Bxf6 gxf6 4. c4 dxc4 5. e3 c5 6. Bxc4 cxd4 7. exd4 Bg7 8. Nc3 0-0 9. Nge2 Nc6 10. 0-0 f5 11. Re1 Nxd4 12. Nxd4 Qxd4 13. Qxd4 Bxd4 14. Rxe7 Be6 15. Bxe6 fxe6 16. Rxe6 Rac8 17. Rc1 Rc4 18. g3 Rfc8 19. Re7 b5 20. Rce1 b4 21. Nd5 Rc2 22. R7e2 Kf7 23. Nxb4 Rxb2 24. Rxb2 Bxb2 25. Nd5 Rc5 26. Re7+ Kg8 27. Rd7 Ra5 28. Ne7+ Kf8 29. Nc6 Rxa2 30. Nxa7 Bd4 31. Rxd4 Rxa7 32. Rf4 Rf7 33. h3 h5 34. Rh4 Rh7 35. Rf4 Rf7 36. Kg2 Ke7 37. Kf3 Ke6 38. Rh4 Rh7 39. Kf4 Rh8 40. Kg5 Rg8+ 41. Kf4 Rh8 42. Kf3 Kf6 43. Ra4 Rb8 44. Ra6+ Kg7 45. Kf4 Rb2 46. Kxf5 Rxf2+ 47. Kg5 Rf3 48. Rg6+ Kh7 49. Kxh5 Kh8 50. h4 Rf5+ 51. Kh6 Rf3 52. g4 Rf4 53. Kg5 Ra4 54. Rb6 Kg7 55. Rb7+ Kh8 56. h5 Ra5+ 57. Kh4 Ra6 58. Re7 Ra4 59. h6 Rb4 60. Kh5 Rb5+ 61. g5 Ra5 62. Kg6 Ra6+ 63. Kf5 Ra5+ 64. Kf6 Ra6+ 65. Re6 Ra8 66. g6 Rf8+ 67. Ke5 Ra8 68. Rd6 Re8+ 69. Kf6 Kg8 70. Rd1 Kh8 71. Kf7 Rg8 72. g7+ Kh7 73. Rg1 1-0

[Event "Oberliga NRW 1819"]
[Site "Germany"]
[Date "2019.01.13"]
[Round "5.3"]
[White "Hendriks, Willy"]
[Black "Andreev, Eduard"]
[Result "0-1"]
[WhiteElo "2405"]
[BlackElo "2427"]
[PlyCount "58"]
[EventDate "2018.09.16"]
[EventType "team-tourn"]
[EventRounds "9"]
[EventCountry "GER"]
[SourceTitle "EXT 2020"]
[Source "ChessBase"]
[SourceDate "2019.10.17"]
[SourceVersion "1"]
[SourceVersionDate "2019.10.17"]
[SourceQuality "1"]
[WhiteTeam "Bochum SG"]
[BlackTeam "Siegburg"]
[WhiteTeamCountry "GER"]
[BlackTeamCountry "GER"]

1. d4 Nf6 2. Bg5 e6 3. e4 h6 4. Bxf6 Qxf6 5. c3 d6 6. Bd3 e5 7. Ne2 g6 8. 0-0 Bg7 9. f4 Qe7 10. f5 0-0 11. fxg6 fxg6 12. Qb3+ Kh7 13. Rxf8 Qxf8 14. Nd2 Nd7 15. Rf1 Nf6 16. Nf3 Qe7 17. Ng3 c6 18. h3 Be6 19. Qc2 a5 20. c4 Bg8 21. h4 h5 22. c5 Ng4 23. cxd6 Qxd6 24. Bc4 Bh6 25. Bxg8+ Rxg8 26. dxe5 Qe7 27. Qb3 Rf8 28. Re1 Bf4 29. Nf1 Qc5+ 0-1

[Event "Dieren op"]
[Site "Dieren"]
[Date "2018.07.30"]
[Round "6"]
[White "Rajesh, VAV"]
[Black "Hendriks, Willy"]
[Result "1-0"]
[WhiteElo "2309"]
[BlackElo "2417"]
[PlyCount "101"]
[EventDate "2018.07.24"]
[EventType "tourn"]
[EventRounds "9"]
[EventCountry "NED"]
[SourceTitle "CBM 185 Extra"]
[Source "ChessBase"]
[SourceDate "2018.07.29"]
[SourceVersion "1"]
[SourceVersionDate "2018.07.29"]
[SourceQuality "1"]

1. d4 d6 2. Nf3 Nf6 3. c4 Nbd7 4. Nc3 e5 5. g3 g6 6. Bg2 Bg7 7. 0-0 0-0 8. b3 c6 9. e3 a6 10. a4 exd4 11. exd4 Re8 12. Bf4 Nf8 13. Qd2 Bf5 14. Rae1 Qd7 15. d5 c5 16. h4 Qc7 17. Ng5 N8d7 18. Nge4 Nxe4 19. Nxe4 Bxe4 20. Bxe4 Re7 21. Bc2 Rae8 22. Rxe7 Rxe7 23. h5 Be5 24. hxg6 hxg6 25. Be3 Qd8 26. Kg2 Re8 27. Rh1 Qf6 28. Bg5 Qg7 29. Bh6 Qf6 30. Re1 Ra8 31. Qe2 Bc3 32. Rh1 Qe5 33. Qf3 Re8 34. Bf4 Qf6 35. Bxd6 Qxd6 36. Qxc3 Qf6 37. Qxf6 Nxf6 38. Kf3 Re7 39. a5 Ne8 40. Bd3 Nd6 41. Rb1 Rc7 42. Ke3 Kf8 43. Kd2 Ke7 44. Kc3 Kf6 45. b4 cxb4+ 46. Kxb4 Ke5 47. c5 Nc8 48. d6 Rd7 49. Re1+ Kd4 50. Rd1 Na7 51. Bb5+ 1-0

[Event "BL2-West 1718"]
[Site "Germany"]
[Date "2017.11.12"]
[Round "3.2"]
[White "Hendriks, Willy"]
[Black "Jussupow, Artur"]
[Result "1/2-1/2"]
[WhiteElo "2401"]
[BlackElo "2585"]
[PlyCount "36"]
[EventDate "2017.10.08"]
[EventType "team-tourn"]
[EventRounds "9"]
[EventCountry "GER"]
[SourceTitle "CBM 183 Extra"]
[Source "ChessBase"]
[SourceDate "2018.04.19"]
[SourceVersion "1"]
[SourceVersionDate "2018.04.19"]
[SourceQuality "1"]
[WhiteTeam "Bochum SG"]
[BlackTeam "Solingen"]
[WhiteTeamCountry "GER"]
[BlackTeamCountry "GER"]

1. g3 d5 2. Nf3 c6 3. b3 Bg4 4. Bg2 Nd7 5. Bb2 Ngf6 6. 0-0 e6 7. d3 Bd6 8. Nbd2 0-0 9. h3 Bh5 10. e4 e5 11. Qe1 Re8 12. Nh4 Nc5 13. Kh1 Bc7 14. a3 a5 15. Nf5 Bg6 16. Nh4 Bh5 17. Nf5 Bg6 18. Nh4 Bh5 1/2-1/2

[Event "BL2-West 1718"]
[Site "Germany"]
[Date "2017.10.08"]
[Round "1.2"]
[White "Hendriks, Willy"]
[Black "Koch, Thomas"]
[Result "1-0"]
[WhiteElo "2401"]
[BlackElo "2489"]
[PlyCount "79"]
[EventDate "2017.10.08"]
[EventType "team-tourn"]
[EventRounds "9"]
[EventCountry "GER"]
[SourceTitle "CBM 183 Extra"]
[Source "ChessBase"]
[SourceDate "2018.04.19"]
[SourceVersion "1"]
[SourceVersionDate "2018.04.19"]
[SourceQuality "1"]
[WhiteTeam "Bochum SG"]
[BlackTeam "Aachen SV"]
[WhiteTeamCountry "GER"]
[BlackTeamCountry "GER"]

1. d4 Nf6 2. Bg5 e6 3. e4 h6 4. Bxf6 Qxf6 5. c3 d6 6. Bd3 g5 7. Ne2 Nc6 8. Na3 Bd7 9. Nc2 0-0-0 10. b4 g4 11. a4 Qg5 12. a5 Nb8 13. Qb1 f5 14. Qb3 h5 15. a6 b6 16. b5 Re8 17. exf5 exf5 18. Qd5 c6 19. bxc6 Bxc6 20. Qxf5+ Qxf5 21. Bxf5+ Kc7 22. Ne3 Bh6 23. 0-0 Bxe3 24. fxe3 Rxe3 25. Nf4 b5 26. d5 Be8 27. Rab1 Nxa6 28. Bd3 Nc5 29. Bxb5 Bxb5 30. Rxb5 Rh7 31. c4 a6 32. Rbb1 h4 33. Rbe1 Rhe7 34. Ne6+ R3xe6 35. dxe6 Rxe6 36. Rxe6 Nxe6 37. Kf2 Kc6 38. Ke3 Kc5 39. Kd3 Nd4 40. Rf8 1-0

[Event "Dieren op"]
[Site "Dieren"]
[Date "2017.07.27"]
[Round "3"]
[White "Leenhouts, Koen"]
[Black "Hendriks, Willy"]
[Result "1-0"]
[WhiteElo "2486"]
[BlackElo "2411"]
[PlyCount "75"]
[EventDate "2017.07.25"]
[EventType "swiss"]
[EventRounds "9"]
[EventCountry "NED"]
[SourceTitle "CBM 179 Extra"]
[Source "ChessBase"]
[SourceDate "2017.08.23"]
[SourceVersion "1"]
[SourceVersionDate "2017.08.23"]
[SourceQuality "1"]

1. c4 d6 2. Nc3 e5 3. g3 g6 4. Bg2 Bg7 5. e4 Nc6 6. Nge2 h5 7. h3 h4 8. g4 f5 9. exf5 gxf5 10. gxf5 Bxf5 11. d3 Qd7 12. Be3 Nge7 13. Qd2 0-0-0 14. 0-0-0 a6 15. Bg5 Rdf8 16. Ne4 Bxe4 17. Bxe4 Rxf2 18. Rdf1 Rxf1+ 19. Rxf1 Qe6 20. Nc3 Nd4 21. Qg2 c6 22. Kb1 Kb8 23. Qg4 Ng8 24. Bf5 Nxf5 25. Rxf5 Qg6 26. Ne4 Nh6 27. Bxh6 Qxg4 28. hxg4 Rxh6 29. Rf7 Rg6 30. c5 dxc5 31. g5 Ka7 32. Kc2 a5 33. Kd1 h3 34. Rf3 b5 35. Rxh3 Bf8 36. Rf3 Rg8 37. Rf7+ Kb6 38. Nf6 1-0

[Event "Regensburg Donau Cup"]
[Site "Regensburg"]
[Date "2017.05.27"]
[Round "5"]
[White "Uphoff, Lennart"]
[Black "Hendriks, Willy"]
[Result "0-1"]
[WhiteElo "2004"]
[BlackElo "2385"]
[PlyCount "92"]
[EventDate "2017.05.24"]
[EventType "swiss"]
[EventRounds "7"]
[EventCountry "GER"]
[SourceTitle "CBM 178 Extra"]
[Source "ChessBase"]
[SourceDate "2017.06.22"]
[SourceVersion "1"]
[SourceVersionDate "2017.06.22"]
[SourceQuality "1"]

1. d4 d6 2. c4 g6 3. Nc3 Bg7 4. e4 Nc6 5. d5 Nd4 6. Be3 e5 7. Nge2 Bg4 8. f3 Bxf3 9. gxf3 Nxf3+ 10. Kf2 Nh4 11. Ke1 Bh6 12. Qc1 Nf3+ 13. Kd1 Qh4 14. Kc2 f5 15. Bg2 Nd4+ 16. Nxd4 exd4 17. Bxh6 Nxh6 18. Nb5 0-0 19. Nxd4 fxe4 20. Rf1 Rxf1 21. Bxf1 Rf8 22. Be2 Qxh2 23. Qh1 Qe5 24. Qxh6 Qxd4 25. Rh1 Rf7 26. Qd2 Qe5 27. Qc3 Qg5 28. Qh3 b6 29. Rh2 Qg1 30. Bg4 Rf2+ 31. Rxf2 Qxf2+ 32. Kb3 h5 33. Be6+ Kh7 34. Bg4 e3 35. Bxh5 gxh5 36. Qxh5+ Kg7 37. Qg5+ Kf7 38. Qh5+ Kf6 39. Qh6+ Kf5 40. Qe6+ Kf4 41. Qf7+ Ke4 42. Qh7+ Qf5 43. Qh1+ Kd4 44. Qh4+ Qe4 45. Qh8+ Kc5 46. Qg7 Qxc4+ 0-1

[Event "Regensburg Donau Cup"]
[Site "Regensburg"]
[Date "2017.05.26"]
[Round "4"]
[White "Hendriks, Willy"]
[Black "Goldbeck, Lars"]
[Result "1/2-1/2"]
[WhiteElo "2385"]
[BlackElo "2107"]
[PlyCount "62"]
[EventDate "2017.05.24"]
[EventType "swiss"]
[EventRounds "7"]
[EventCountry "GER"]
[SourceTitle "CBM 178 Extra"]
[Source "ChessBase"]
[SourceDate "2017.06.22"]
[SourceVersion "1"]
[SourceVersionDate "2017.06.22"]
[SourceQuality "1"]

1. d4 Nf6 2. Bg5 Ne4 3. Bf4 c5 4. d5 Qb6 5. Nd2 Qxb2 6. Nxe4 Qb4+ 7. c3 Qxe4 8. e3 d6 9. Nf3 Nd7 10. c4 Ne5 11. Bxe5 dxe5 12. Be2 g6 13. Qb3 Qf5 14. Qb5+ Qd7 15. Qxc5 b6 16. Qb4 e4 17. Ne5 Qd6 18. Qb5+ Bd7 19. Nxd7 Qxd7 20. Qb2 Rg8 21. Rc1 Bg7 22. Qb1 f5 23. c5 Kf7 24. cxb6 axb6 25. 0-0 Be5 26. Rc6 Rgb8 27. Bb5 Bd6 28. a4 Qd8 29. Rfc1 Qh8 30. g3 Qe5 31. Qb3 Kg7 1/2-1/2

[Event "BL2-West 1617"]
[Site "Germany"]
[Date "2017.03.19"]
[Round "7.1"]
[White "Hendriks, Willy"]
[Black "Markus, Robert"]
[Result "1/2-1/2"]
[WhiteElo "2400"]
[BlackElo "2667"]
[PlyCount "27"]
[EventDate "2016.10.16"]
[EventType "team-tourn"]
[EventRounds "9"]
[EventCountry "GER"]
[SourceTitle "EXT 2018"]
[Source "ChessBase"]
[SourceDate "2017.10.13"]
[SourceVersion "1"]
[SourceVersionDate "2017.10.13"]
[SourceQuality "1"]
[WhiteTeam "Bochum"]
[BlackTeam "Dortmund Hansa"]
[WhiteTeamCountry "GER"]
[BlackTeamCountry "GER"]

1. d4 Nf6 2. Bg5 e6 3. e4 h6 4. Bxf6 Qxf6 5. c3 d5 6. Nd2 Qd8 7. Ngf3 Be7 8. Bd3 0-0 9. 0-0 c5 10. dxc5 Bxc5 11. exd5 Qxd5 12. Qe2 Nd7 13. Rad1 Qc6 14. Nb3 1/2-1/2

[Event "BL2-West 1617"]
[Site "Germany"]
[Date "2017.02.05"]
[Round "5.1"]
[White "Hendriks, Willy"]
[Black "Handke, Florian"]
[Result "0-1"]
[WhiteElo "2400"]
[BlackElo "2522"]
[PlyCount "70"]
[EventDate "2016.10.16"]
[EventType "team-tourn"]
[EventRounds "9"]
[EventCountry "GER"]
[SourceTitle "EXT 2018"]
[Source "ChessBase"]
[SourceDate "2017.10.13"]
[SourceVersion "1"]
[SourceVersionDate "2017.10.13"]
[SourceQuality "1"]
[WhiteTeam "Bochum"]
[BlackTeam "Solingen II"]
[WhiteTeamCountry "GER"]
[BlackTeamCountry "GER"]

1. c4 Nf6 2. Nc3 e5 3. e3 Bb4 4. Nge2 b6 5. a3 Bxc3 6. Nxc3 Bb7 7. Be2 0-0 8. 0-0 d6 9. b4 Nbd7 10. Bb2 Re8 11. d3 Nf8 12. Bf3 Bxf3 13. Qxf3 c5 14. Rab1 h6 15. g3 Qd7 16. Qg2 cxb4 17. axb4 a6 18. Ra1 Ne6 19. Ra2 Nc7 20. Rfa1 d5 21. b5 a5 22. Na4 Qe6 23. Rc1 dxc4 24. Rxc4 Nxb5 25. Qc6 Nd6 26. Nxb6 Ra6 27. Bc3 Rb8 28. Rb2 Nxc4 29. Qxe6 fxe6 30. Nxc4 Rxb2 31. Bxb2 e4 32. dxe4 Nxe4 33. f3 Nd6 34. Na3 Rc6 35. Bd4 Nf5 0-1

[Event "Erfurt MT op 26th"]
[Site "Erfurt"]
[Date "2016.12.30"]
[Round "8"]
[White "Hendriks, Willy"]
[Black "Fries Nielsen, Jens Ove"]
[Result "0-1"]
[WhiteElo "2396"]
[BlackElo "2333"]
[PlyCount "120"]
[EventDate "2016.12.26"]
[EventType "swiss"]
[EventRounds "8"]
[EventCountry "GER"]
[SourceTitle "CBM 176 Extra"]
[Source "ChessBase"]
[SourceDate "2017.03.02"]
[SourceVersion "1"]
[SourceVersionDate "2017.03.02"]
[SourceQuality "1"]

1. g3 g6 2. Bg2 Bg7 3. c4 e6 4. d4 Ne7 5. Nf3 d6 6. 0-0 Nd7 7. Nc3 0-0 8. a4 a5 9. b3 h6 10. Ba3 Nc6 11. Qd2 f5 12. Rac1 Ne7 13. e4 g5 14. exf5 exf5 15. c5 d5 16. c6 bxc6 17. Rfe1 Rf7 18. h4 gxh4 19. Nxh4 Nf6 20. Ne2 Ne4 21. Qe3 Bf6 22. Nf3 Kh7 23. Ne5 Rg7 24. Nf4 Bg5 25. Bf3 Ng6 26. Nexg6 Rxg6 27. Bh5 Rg7 28. Rxc6 Bd7 29. Rc2 c6 30. Kg2 Rb8 31. Bc1 Qf6 32. Qd3 Rbg8 33. Rh1 Qd6 34. Qf3 Rf8 35. Rh3 Bc8 36. Be3 Ba6 37. Rc1 Rb8 38. Rch1 Rxb3 39. Be8 Rb2 40. Rh4 Bxh4 41. Rxh4 Rxg3+ 42. Qxg3 Nxg3 43. Kxg3 Rb1 44. Bg6+ Kg7 45. Bxf5 Rg1+ 46. Kf3 Qa3 47. Ne6+ Kf6 48. Bh3 Qd3 49. Rxh6+ Ke7 50. Nc5 Qe2+ 51. Kf4 Bd3 52. Rxc6 Qh5 53. Be6 Qh2+ 54. Kf3 Bc2 55. Ke2 Qh5+ 56. Kd2 Qd1+ 57. Kc3 Bg6 58. Rc7+ Kf6 59. Nd7+ Kxe6 60. Nf8+ Kf6 0-1

[Event "Erfurt MT op 26th"]
[Site "Erfurt"]
[Date "2016.12.27"]
[Round "3"]
[White "Polster, Christian"]
[Black "Hendriks, Willy"]
[Result "1-0"]
[WhiteElo "2242"]
[BlackElo "2396"]
[PlyCount "75"]
[EventDate "2016.12.26"]
[EventType "swiss"]
[EventRounds "8"]
[EventCountry "GER"]
[SourceTitle "CBM 176 Extra"]
[Source "ChessBase"]
[SourceDate "2017.03.02"]
[SourceVersion "1"]
[SourceVersionDate "2017.03.02"]
[SourceQuality "1"]

1. e4 c5 2. Nf3 e6 3. d4 cxd4 4. Nxd4 a6 5. Nc3 Qc7 6. Be3 Nf6 7. Bd3 b5 8. 0-0 Bb7 9. a3 d6 10. f4 Nbd7 11. Qf3 Be7 12. Rae1 Nc5 13. Kh1 g6 14. Bg1 0-0 15. Qh3 Rae8 16. Nf3 Nh5 17. Be3 f5 18. exf5 exf5 19. Nd4 Nxd3 20. cxd3 Qd7 21. Bd2 Bd8 22. Nc2 Nf6 23. Qg3 Qf7 24. Nd4 Nd7 25. Nf3 Nc5 26. Ng5 Qd7 27. d4 Nb3 28. Qd3 h6 29. Nf3 Bf6 30. Nb1 Bd5 31. Rxe8 Rxe8 32. Re1 Rxe1+ 33. Bxe1 Qe6 34. Bc3 Qe4 35. Qd1 Qxf4 36. Nbd2 Nxd2 37. Bxd2 Bxf3 38. Qb3+ 1-0

[Event "Dieren op"]
[Site "Dieren"]
[Date "2016.08.03"]
[Round "8"]
[White "Hendriks, Willy"]
[Black "Sahil, Tickoo"]
[Result "1-0"]
[WhiteElo "2407"]
[BlackElo "2016"]
[PlyCount "135"]
[EventDate "2016.07.26"]
[EventType "swiss"]
[EventRounds "9"]
[EventCountry "NED"]
[SourceTitle "CBM 173 Extra"]
[Source "ChessBase"]
[SourceDate "2016.08.29"]
[SourceVersion "1"]
[SourceVersionDate "2016.08.29"]
[SourceQuality "1"]

1. e4 c5 2. Nf3 d6 3. Bc4 e6 4. 0-0 Nf6 5. Re1 Nc6 6. Bb3 Be7 7. c3 0-0 8. d4 cxd4 9. cxd4 d5 10. e5 Ne4 11. Nc3 Nxc3 12. bxc3 f6 13. exf6 Bxf6 14. Qd3 Bd7 15. Bc2 g6 16. Bh6 Bg7 17. Bxg7 Kxg7 18. Ba4 Na5 19. Bxd7 Qxd7 20. Ng5 Rf6 21. Qh3 Kg8 22. Rxe6 Rxe6 23. Qxe6+ Qxe6 24. Nxe6 Rc8 25. Rc1 Nc4 26. Nf4 Nb6 27. h4 Kf7 28. Kf1 Ke7 29. Ke2 Kd6 30. Kd3 Na4 31. Rc2 a5 32. g3 b5 33. Ng2 Rb8 34. Ne3 Nb6 35. Rc1 Nc4 36. h5 Rf8 37. hxg6 hxg6 38. Ke2 Nxe3 39. Kxe3 Re8+ 40. Kd3 Rf8 41. Rc2 Rf3+ 42. Ke2 Rf8 43. Rb2 Kc6 44. f4 Ra8 45. Kf3 b4 46. cxb4 axb4 47. Rxb4 Rxa2 48. Kg4 Ra3 49. Rb8 Rd3 50. Rg8 Rxd4 51. Rxg6+ Kc5 52. Rg8 Kd6 53. Kf5 Rd1 54. g4 d4 55. Kf6 Kd7 56. Rg5 Kd6 57. Re5 d3 58. Re8 Kc7 59. Re3 Rf1 60. Rxd3 Rxf4+ 61. Kg5 Rf8 62. Kh6 Rh8+ 63. Kg7 Rh4 64. g5 Rf4 65. g6 Rf2 66. Kg8 Rg2 67. g7 Rf2 68. Rh3 1-0